| 000 | 01006nac a22002291u 4500 | ||
|---|---|---|---|
| 010 | _a 91013055 | ||
| 020 | _a0521370957 (pbk.) | ||
| 082 | 0 | 0 |
_a621.38107 _bH8166 |
| 090 |
_c4992 _d4992 |
||
| 100 | _aHorowitz, Paul. | ||
| 245 | 1 | 0 |
_aThe Art Of Electronics/ _cPaul Horowitz, Winfield Hill. |
| 260 |
_aCambridge [England] ; _aNew York, NY, USA : _bCambridge University Press,c1989 _cc1989 |
||
| 300 |
_aix, 1125 p. : _bill. ; _c26 cm. |
||
| 500 | _aIncludes index. | ||
| 650 | 0 |
_aElectronics _xLaboratory manuals. |
|
| 650 | 0 |
_aElectronic circuit design _xLaboratory manuals. |
|
| 700 | 1 |
_a, _dHill, Winfield. |
|
| 856 | 4 | 2 |
_3Publisher description _uhttp://www.loc.gov/catdir/description/cam024/91013055.html |
| 856 | 4 | 2 |
_3Table of contents _uhttp://www.loc.gov/catdir/toc/cam028/91013055.html |
| 942 |
_cTB _k621.38107H8166 |
||
| 999 |
_c4992 _d4992 |
||